000 00794cam a2200217 a 4500
001 000011179
005 20250224122025.0
008 790125s1966 gt a b 000 0 spa d
040 _aDO-SdBNP
_bspa
_cDLC
_dBNPHU
082 _a362.17291
_bG311a
100 1 _aGehlert Mata, Carlos.
_926707
245 1 0 _aAnálisis y consideraciones sobre problemas sanitarios de Guatemala :
_bsus posibles soluciones /
_cCarlos Gehlert Mata.
260 _aGuatemala :
_bEditorial José de Pineda Ibarra,
_c1966.
300 _a199 p. :
_bil. ;
_c21 cm.
504 _aIncluye referencias bibliográficas: p. 197-199.
650 4 _aSalud pública
_zGuatemala
_926708
651 4 _aGuatemala
_xCondiciones Sociales
_917005
650 0 _aSaneamiento
_97181
910 _aCatalogación por copia / LC
049 _aBNGR
999 _c10902
_d10902